O arroz em moçambique (notice nᵒ 34618)
[ vue normale ]
| 000 -LEADER | |
|---|---|
| fixed length control field | 00454nam a2200169 4500 |
| 005 - DATE AND TIME OF LATEST TRANSACTION | |
| control field | 20220602095818.0 |
| 037 ## - SOURCE D'ACQUISITION | |
| Cote | BC_457 74 |
| 040 ## - SOURCE DU CATALOGAGE | |
| Origine cataloguage | BC-ENSA |
| Langue du catalogage | fre |
| 041 ## - CODE DE LANGUE | |
| Langue | Français |
| Langue du résumé | Français |
| 100 ## - VEDETTE PRINCIPALE - AUTEUR PRINCIPAL | |
| Auteur | VALENTE, E. Gonçalves |
| 245 ## - MENTION DU TITRE | |
| Titre | O arroz em moçambique |
| Volume | volume 2 |
| 260 ## - PUBLICATION, DIFFUSION, ETC. (ADRESSE BIBLIOGRAPHIQUE) | |
| Lieu d'édition | moçambique |
| Nom de l'éditeur | lourenço marques |
| Année d'édition | 1968 |
| 300 ## - DESCRIPTION MATÉRIELLE | |
| Nombre de pages | 987 p. |
| Illustration | ill. |
| Format | 24 cm |
| 562 ## - NOTE D'IDENTIFICATION DES EXEMPLAIRES ET VERSIONS | |
| Numbre d' exemplaire | exemplaire(s) |
| 942 ## - ADDED ENTRY ELEMENTS (KOHA) | |
| Type document | Ouvrage |
| 650 ## - DESCRIPTEURS | |
| Agrovoc | AGRONOMI/MOZAMBIQUE/EAU |
| statut de retrait | Statut | emplacement permanent | Localisation actuelle | emplacement rayonnages | Cote | code à barre | Koha type d'élément |
|---|---|---|---|---|---|---|---|
| Bibliothèque Centrale | Bibliothèque Centrale | Magasin sous sol | BC_457 74 | BC_457 74 | Ouvrage |